Tổng hợp vật liệu composite nano- hydroxyapatite trên nền alginate tách từ rong biển Việt Nam Báo cáo tổng kết đề tài nghiên cứu khoa học và công nghệ cấp cơ sở. Mã số CS2015.01.03

Αποθηκεύτηκε σε:
Λεπτομέρειες βιβλιογραφικής εγγραφής
Κύριος συγγραφέας: Nguyễn Thị Lan Hương (Chủ nhiệm đề tài)
Μορφή: Thesis Εργαλειοθήκη Βιβλίο
Έκδοση: Đồng Tháp Trường Đại học Đồng Tháp 2016
Θέματα:
Ετικέτες: Προσθήκη ετικέτας
Δεν υπάρχουν, Καταχωρήστε ετικέτα πρώτοι!
Thư viện lưu trữ: Trung tâm Học liệu Lê Vũ Hùng, Trường Đại học Đồng Tháp
LEADER 01323ppm a22003258a 4500
001 00036182
005 20171026081025.0
008 170215s2016 ||||||Viesd
041 0 # |a Vie 
082 1 4 |b T455H  |a 547 
100 1 # |a Nguyễn Thị Lan Hương  |e Chủ nhiệm đề tài 
245 1 0 |b Báo cáo tổng kết đề tài nghiên cứu khoa học và công nghệ cấp cơ sở. Mã số CS2015.01.03  |c Nguyễn Thị Lan Hương (chủ nhiệm đề tài)  |a Tổng hợp vật liệu composite nano- hydroxyapatite trên nền alginate tách từ rong biển Việt Nam 
260 # # |b Trường Đại học Đồng Tháp  |c 2016  |a Đồng Tháp 
300 # # |a 68tr. +phụ lục  |c 30 cm.  |e 1 bản tóm tắt 
500 # # |a ĐTTS ghi: Bộ Giáo dục và Đào tạo. Trường Đại học Đồng Tháp 
653 # # |a Hóa hữu cơ 
653 # # |a Vật liệu 
653 # # |a Tổng hợp 
653 # # |a Rong biển 
653 # # |a Nghiên cứu khoa học 
852 # # |j KH.0000056  |b Kho đọc 
852 # # |j KH.0000056 
910 # # |d 15/02/2017 
980 # # |a Trung tâm Học liệu Lê Vũ Hùng, Trường Đại học Đồng Tháp